Pablo de Rokha y Roberto Bolaño : (Record no. 190462)
[ view plain ]
| 000 -LEADER | |
|---|---|
| campo de control de longitud fija | 01086nam a2200277 c 4500 |
| 001 - NÚMERO DE CONTROL | |
| campo de control | 190462 |
| 003 - IDENTIFICADOR DE NÚMERO DE CONTROL | |
| campo de control | ES-MaACL |
| 005 - FECHA Y HORA DE LA ÚLTIMA TRANSACCIÓN | |
| campo de control | 20250728111451.0 |
| 008 - DATOS DE LONGITUD FIJA--INFORMACIÓN GENERAL | |
| campo de control de longitud fija | 210330s2018 sp a 001 0 spa |
| 020 ## - NÚMERO INTERNACIONAL ESTÁNDAR DEL LIBRO | |
| Número Internacional Estándar del Libro | 978-84-96146-97-6 |
| 080 ## - NÚMERO DE LA CLASIFICACIÓN DECIMAL UNIVERSAL | |
| Número de la Clasificación Decimal Universal | 821.134.2(83) Bolaño, Roberto 1.07 |
| 080 ## - NÚMERO DE LA CLASIFICACIÓN DECIMAL UNIVERSAL | |
| Número de la Clasificación Decimal Universal | 821.134.2(83) Rokha, Pablo de 1.07 |
| 080 ## - NÚMERO DE LA CLASIFICACIÓN DECIMAL UNIVERSAL | |
| Número de la Clasificación Decimal Universal | 2(0:82) |
| 100 1# - ENTRADA PRINCIPAL--NOMBRE DE PERSONA | |
| Nombre de persona | Boero, Mario. |
| 9 (RLIN) | 141908 |
| 245 10 - MENCIÓN DEL TÍTULO | |
| Título | Pablo de Rokha y Roberto Bolaño : |
| Resto del título | un cuadro chileno bifronte : (un ensayo literario bicéfalo) / |
| Mención de responsabilidad, etc. | Mario Boero Vargas. |
| 264 #1 - PRODUCCIÓN, PUBLICACIÓN, DISTRIBUCIÓN, FABRICACIÓN Y COPYRIGHT | |
| Producción, publicación, distribución, fabricación y copyright | Madrid : |
| Nombre del de productor, editor, distribuidor, fabricante | Nueva Utopía, |
| Fecha de producción, publicación, distribución, fabricación o copyright | 2018. |
| 300 ## - DESCRIPCIÓN FÍSICA | |
| Extensión | 188 p. : |
| Otras características físicas | 1 il. col. ; |
| Dimensiones | 21 cm. |
| 504 ## - NOTA DE BIBLIOGRAFÍA, ETC. | |
| Nota de bibliografía, etc. | Bibliografía: p. 185-188. |
| 600 14 - PUNTO DE ACCESO ADICIONAL DE MATERIA--NOMBRE DE PERSONA | |
| Nombre de persona | Bolaño, Roberto, |
| Fechas asociadas al nombre | 1953-2003 |
| 9 (RLIN) | 29941 |
| 600 04 - PUNTO DE ACCESO ADICIONAL DE MATERIA--NOMBRE DE PERSONA | |
| Nombre de persona | Rokha, Pablo de |
| Fechas asociadas al nombre | 1894-1968 |
| 9 (RLIN) | 99119 |
| 650 #7 - PUNTO DE ACCESO ADICIONAL DE MATERIA--TÉRMINO DE MATERIA | |
| Término de materia o nombre geográfico como elemento de entrada | Religión y literatura |
| Fuente del encabezamiento o término | embne |
| 9 (RLIN) | 169516 |
| 852 4# - LOCALIZACIÓN | |
| Ubicación | ES-MaACL |
| Número de control de estantería | A-14663 |
| itemnumber | 197639 |
| Sublocalización o colección | R.152374 |
| Ubicación en estantería | Depósito 1 |
| Signatura antigua | Olim: N-7663 |
| Donativo/Legado | Donación: Mario Boero |
| Anotaciones manuscritas | Dedicatoria autógrafa del autor |
| 903 ## - NOMBRE PERSONAL DE DONANTE | |
| 9 | 141908 |
| a | Boero, Mario |
| e | Donante |
| 942 ## - ELEMENTOS DE ENTRADA SECUNDARIOS (KOHA) | |
| Fuente del sistema de clasificación o colocación | Clasificación decimal universal |
| Tipo de ítem Koha | Libro impreso |
| Estatus retirado | Estado de pérdida | Fuente del sistema de clasificación o colocación | Estado de daño | No para préstamo | Colección | Biblioteca de origen | Biblioteca actual | Ubicación en estantería | Fecha de adquisición | Fuente de adquisición | Total de préstamos | Signatura topográfica completa | Código de barras | Visto por última vez | Precio de reemplazo | Tipo de ítem Koha | Nota pública |
|---|---|---|---|---|---|---|---|---|---|---|---|---|---|---|---|---|---|
| Clasificación decimal universal | Libros con dedicatorias | Biblioteca del Ateneo de Madrid | Biblioteca del Ateneo de Madrid | Depósito 1 | 30/03/2021 | Donación | A-14663 | 1202485 | 23/02/2023 | 23/02/2023 | Libro impreso | Dedicatoria autógrafa del autor |
